000 00440pab a2200181 454500
008 180718b2010 xxu||||| |||| 00| 0 eng d
100 _aDerudder, Ben
245 _aIntroduction: Mapping changes in urban systems
260 _c2010
300 _ap.1835-1841.
362 _aAug
650 _aUrban development
700 _aWitlox, Frank
700 _aTimberlake, Michael
773 _aUrban Studies
908 _aN
909 _a90907
999 _c90907
_d90907